[Event "ch-FRA Blitz Online Qual"]
[Site "Europe-Chess INT"]
[Date "2020.05.16"]
[Round "13"]
[White "Pierre, Timothee"]
[Black "Pernoud, Claire"]
[Result "1-0"]
[WhiteElo "1858"]
[BlackElo "1428"]
[WhiteFideId "643076"]
[BlackFideId "663018"]
[EventDate "2020.05.16"]

1. f4 Nf6 2. Nf3 d5 3. e3 e6 4. b3 Bd6 5. Bb2 O-O 6. Be2 Nbd7 7. O-O e5 8. fxe5
Nxe5 9. Nxe5 Re8 10. Nd3 Ne4 11. Qe1 Qe7 12. Nc3 Nxc3 13. Bxc3 c5 14. Nf4 d4 15.
exd4 Bxf4 16. Rxf4 Qxe2 17. Qxe2 Rxe2 18. dxc5 Be6 19. Kf1 Rxd2 20. Bxd2 Rd8 21.
Bc3 g5 22. Rd4 Re8 23. Rad1 Bf5 24. Rd8 Rxd8 25. Rxd8# 1-0

[Event "ch-FRA Blitz Online Qual"]
[Site "Europe-Chess INT"]
[Date "2020.05.16"]
[Round "13"]
[White "Zachary, Bastian"]
[Black "Janon, Nicolas"]
[Result "0-1"]
[WhiteElo "1923"]
[BlackElo "1392"]
[WhiteFideId "36019402"]
[BlackFideId "36039136"]
[EventDate "2020.05.16"]

1. d4 d5 2. Bf4 Nc6 3. e3 Bf5 4. Nf3 e6 5. Bd3 Bxd3 6. Qxd3 Nf6 7. c3 Bd6 8. Bg3
Qe7 9. Nbd2 O-O-O 10. O-O h5 11. a4 Ne8 12. a5 Bxg3 13. fxg3 f5 14. Ne5 Nxe5 15.
dxe5 a6 16. b4 h4 17. b5 hxg3 18. bxa6 Kb8 19. axb7 Rxh2 20. Qa6 Rh1+ 0-1

[Event "ch-FRA Blitz Online Qual"]
[Site "Europe-Chess INT"]
[Date "2020.05.16"]
[Round "13"]
[White "Hilton, Marc"]
[Black "Goyer, Lionel"]
[Result "0-1"]
[WhiteElo "1546"]
[BlackElo "1782"]
[WhiteFideId "36086983"]
[BlackFideId "20628706"]
[EventDate "2020.05.16"]

1. d4 c6 2. c4 d5 3. Nc3 dxc4 4. e4 Nf6 5. Bxc4 e6 6. Nf3 Be7 7. Bg5 O-O 8. O-O
b5 9. Bb3 Bb7 10. Bc2 h6 11. Bh4 a6 12. Qd3 g6 13. Bxf6 Bxf6 14. e5 Bg7 15. Nd2
Nd7 16. Nde4 Nb6 17. f4 Qe7 18. Qg3 Rad8 19. Nd6 Rxd6 20. exd6 Qxd6 21. Kh1 Qxd4
22. Rad1 Qb4 23. Bb3 Nd5 24. Rf3 Qe7 25. Re1 Nxc3 26. bxc3 c5 27. Rfe3 c4 28.
Bc2 Qc5 29. Qg4 h5 30. Qh3 Rd8 31. Rg3 Qf2 32. Rc1 Qxf4 33. Rg1 Rd2 34. Bxg6
fxg6 35. Rxg6 Qf5 36. Qg3 Rxg2 37. Qxg2 Bxg2+ 38. R6xg2 Qf6 39. Rxg7+ Qxg7 40.
Rxg7+ Kxg7 41. Kg2 Kf6 42. Kf3 Kf5 43. h4 e5 44. a3 e4+ 45. Ke3 Ke5 46. Kf2 Kf4
47. Kg2 e3 48. Kf1 Kf3 49. Ke1 e2 50. a4 bxa4 51. Kd2 Kf2 0-1

[Event "ch-FRA Blitz Online Qual"]
[Site "Europe-Chess INT"]
[Date "2020.05.16"]
[Round "13"]
[White "LHeritier, Boris"]
[Black "Barbaggi, Sasha"]
[Result "1-0"]
[WhiteElo "1763"]
[BlackElo "1375"]
[WhiteFideId "26033003"]
[BlackFideId "551018780"]
[EventDate "2020.05.16"]

1. d4 Nf6 2. Nf3 d6 3. g3 Nbd7 4. Bg2 e5 5. dxe5 dxe5 6. O-O Be7 7. b3 O-O 8.
Ba3 Bxa3 9. Nxa3 Qe7 10. Nc4 Re8 11. e3 b6 12. Ng5 e4 13. Nd2 h6 14. Ngxe4 Nxe4
15. Bxe4 Rb8 16. Bg2 Bb7 17. Nf3 Ne5 18. Nxe5 Bxg2 19. Kxg2 Qxe5 20. c4 Red8 21.
Qf3 Qf6 22. Qxf6 gxf6 23. Rad1 Kf8 24. Rd4 Rxd4 25. exd4 Rd8 26. d5 Re8 27. Kf3
Ke7 28. Re1+ Kd7 29. Rxe8 Kxe8 30. Kf4 Ke7 31. Kg4 a5 32. Kh5 Kd6 33. f4 Kc5 34.
Kxh6 Kb4 35. Kg7 Ka3 36. h4 Kxa2 37. h5 Kxb3 38. h6 a4 39. h7 a3 40. h8=Q a2 41.
Qh1 Kb2 42. Kxf6 a1=Q 43. Qxa1+ Kxa1 44. g4 Kb2 45. Ke5 Kc3 46. g5 Kxc4 47. f5
b5 48. g6 fxg6 49. fxg6 b4 50. g7 b3 51. g8=Q b2 52. Qg1 Kc3 53. Qb1 Kb3 54. Kd4
Ka3 55. Kc3 c5 56. dxc6 Ka4 57. c7 Ka3 58. c8=Q Ka4 59. Qb8 Ka5 60. Q1xb2 Ka6
61. Qa3# 1-0

[Event "ch-FRA Blitz Online Qual"]
[Site "Europe-Chess INT"]
[Date "2020.05.16"]
[Round "13"]
[White "Anas, Raphael"]
[Black "Bourgeois, Ludovic"]
[Result "0-1"]
[WhiteElo "1421"]
[BlackElo "1748"]
[WhiteFideId "45115770"]
[BlackFideId "690678"]
[EventDate "2020.05.16"]

1. e4 g6 2. d4 Bg7 3. Nf3 c5 4. c3 cxd4 5. cxd4 d5 6. e5 Nc6 7. Nc3 Bg4 8. h3
Bxf3 9. gxf3 e6 10. Bd3 Nge7 11. Be3 O-O 12. Qd2 Qb6 13. Bc2 Nb4 14. h4 Nxc2+
15. Qxc2 h5 16. Qd2 Nf5 17. Bg5 Nxd4 18. Bh6 Nxf3+ 0-1

[Event "ch-FRA Blitz Online Qual"]
[Site "Europe-Chess INT"]
[Date "2020.05.16"]
[Round "13"]
[White "El Baroudi Abderrahmane"]
[Black "Sayah-Hobon, Noah"]
[Result "1-0"]
[WhiteElo "1599"]
[BlackElo "1364"]
[WhiteFideId "9005382"]
[BlackFideId "551015609"]
[EventDate "2020.05.16"]

1. e4 e5 2. Nf3 Nc6 3. Bc4 Nd4 4. Nxd4 exd4 5. O-O c6 6. Qf3 Qf6 7. Qxf6 Nxf6 8.
d3 Be7 9. c3 dxc3 10. Nxc3 b5 11. Bb3 b4 12. Ne2 O-O 13. f4 d5 14. Ng3 Bc5+ 15.
Kh1 dxe4 16. dxe4 Re8 17. e5 Ng4 18. Ne4 Bb6 19. Bd1 Nh6 20. Ng3 Bg4 21. h3 Bxd1
22. Rxd1 Rad8 23. Bd2 Rd3 24. Be1 Red8 25. Rxd3 Rxd3 26. Kh2 Be3 27. Bxb4 Bxf4
28. Be1 Nf5 29. Rb1 Bxg3+ 30. Bxg3 Nxg3 31. Rc1 g6 32. Rxc6 Kg7 33. Rc7 Re3 34.
Rxa7 Nf5 35. b4 Rxe5 36. Rb7 Nd4 37. a4 Ne6 38. a5 Rd5 39. a6 Rd8 40. a7 Ra8 41.
b5 Nc5 42. Rc7 Ne6 43. Rb7 Nd8 44. Rd7 Kf6 45. b6 Nc6 46. b7 Rxa7 47. b8=Q Nxb8
48. Rxa7 Nc6 49. Ra6 Ke5 50. Rxc6 f5 51. Rc7 f4 52. Rxh7 g5 53. Rg7 Kf5 54. Kg1
Kf6 55. Ra7 Kf5 56. Kf2 g4 57. hxg4+ Kxg4 58. Rg7+ Kf5 59. Kf3 Ke5 60. Rg4 Kf5
61. Rxf4+ Kg5 62. Kg3 Kh5 63. Rg4 Kh6 64. Kf4 Kh5 65. Kf5 Kh6 66. Rg5 Kh7 67.
Rg6 Kh8 68. Kf6 Kh7 69. Kf7 Kh8 70. Rh6# 1-0

[Event "ch-FRA Blitz Online Qual"]
[Site "Europe-Chess INT"]
[Date "2020.05.16"]
[Round "13"]
[White "Lamblain, Nicolas"]
[Black "Tempier, Martin"]
[Result "1-0"]
[WhiteElo "1645"]
[BlackElo "1357"]
[WhiteFideId "20605641"]
[BlackFideId "36009300"]
[EventDate "2020.05.16"]

1. e4 d5 2. exd5 Qxd5 3. Nc3 Qa5 4. d4 Nf6 5. Nf3 Bg4 6. h3 Bh5 7. g4 Bg6 8. Ne5
Nbd7 9. Nxg6 hxg6 10. Bg2 c6 11. Qd3 O-O-O 12. Bd2 Nc5 13. Qc4 e6 14. dxc5 Qxc5
15. Qxc5 Bxc5 16. f4 Nd5 17. O-O-O Ne3 18. Bxe3 Bxe3+ 19. Kb1 Bxf4 20. Ne4 f5
21. Nc5 e5 22. Ne6 Rxd1+ 23. Rxd1 Rg8 24. Nxf4 exf4 25. Rf1 g5 26. gxf5 Rf8 27.
Be4 Kd7 28. Rg1 Re8 29. Bd3 Kd6 30. Kc1 f3 31. Kd2 Rh8 32. Rxg5 Rxh3 33. Ke3 Ke5
34. Rxg7 b6 35. Rxa7 1-0

[Event "ch-FRA Blitz Online Qual"]
[Site "Europe-Chess INT"]
[Date "2020.05.16"]
[Round "13"]
[White "Grimault, Leane"]
[Black "Sepahpour, Shervine"]
[Result "1-0"]
[WhiteElo "1622"]
[BlackElo "1398"]
[WhiteFideId "36056847"]
[BlackFideId "45150478"]
[EventDate "2020.05.16"]

1. c4 Nf6 2. Nc3 d6 3. Nf3 g6 4. g3 Bg7 5. Bg2 O-O 6. O-O e5 7. d3 Nc6 8. a3 Be6
9. Rb1 d5 10. cxd5 Nxd5 11. Nxd5 Bxd5 12. b4 f5 13. Bb2 Re8 14. b5 Nb8 15. e4
fxe4 16. dxe4 Bxe4 17. Qxd8 Rxd8 18. Rbe1 Bxf3 19. Bxf3 Nd7 20. Bxb7 Rab8 21.
Bc6 e4 22. Bxg7 Kxg7 23. Rxe4 Nc5 24. Re7+ Kf6 25. Rxc7 Rbc8 26. Rxa7 h6 27. Re1
Rd2 28. Rae7 Nd3 29. R7e6+ Kf7 30. R6e2 Nxe1 31. Rxd2 Ke7 32. Rd7+ Ke6 33. a4
Nc2 34. a5 Nb4 35. a6 Nxc6 36. bxc6 Rxc6 37. Ra7 Kf6 38. Ra8 Kg5 39. a7 Kg4 40.
Re8 Kh3 41. f4 Rc1+ 42. Kf2 Rc2+ 43. Ke3 Rxh2 44. a8=Q Kxg3 45. Qf3+ Kh4 46. Rh8
h5 47. f5 Rh3 48. fxg6 Rxf3+ 49. Kxf3 Kg5 50. g7 h4 51. g8=Q+ Kf5 52. Rh7 h3 53.
Rf7+ Ke6 54. Qe8+ Kd6 55. Rd7+ Kc6 56. Qc8+ Kb5 57. Rb7+ Ka6 58. Qa8# 1-0

[Event "ch-FRA Blitz Online Qual"]
[Site "Europe-Chess INT"]
[Date "2020.05.16"]
[Round "13"]
[White "Coelho, Laurent"]
[Black "Lebrun, Leo"]
[Result "0-1"]
[WhiteElo "1617"]
[BlackElo "1441"]
[WhiteFideId "45104840"]
[BlackFideId "26097435"]
[EventDate "2020.05.16"]

1. e4 d6 2. d4 Nf6 3. Nc3 g6 4. Bd3 Bg7 5. f3 O-O 6. Be3 Nbd7 7. Qd2 c5 8. Nge2
cxd4 9. Nxd4 Ne5 10. Be2 Bd7 11. O-O Rc8 12. Rad1 Nc4 13. Bxc4 Rxc4 14. Bh6 Rxd4
15. Qxd4 Bxh6 16. Qxa7 Qc7 17. g3 Bh3 18. Rfe1 Qc5+ 19. Qxc5 dxc5 20. g4 Bf4 21.
Ne2 Bd6 22. Ng3 Bxg3 23. hxg3 h5 24. Kh2 hxg4 25. e5 Nh7 26. Rd7 e6 27. Re4 Ng5
28. Rxg4 Bxg4 29. fxg4 Nf3+ 30. Kg2 Nxe5 31. Rxb7 Nxg4 32. Rc7 Ne3+ 33. Kf3 Nxc2
34. Rxc5 Nd4+ 35. Ke4 Nf5 36. a4 Nxg3+ 37. Ke5 Ra8 38. a5 Nf5 39. b4 Kg7 40. Rc7
Ne3 41. Kd4 Nd5 42. Kc5 Nxc7 43. Kc6 Nd5 44. b5 Rxa5 45. b6 Nxb6 46. Kxb6 Rd5 0-1

[Event "ch-FRA Blitz Online Qual"]
[Site "Europe-Chess INT"]
[Date "2020.05.16"]
[Round "13"]
[White "Mokrani, Romuhald"]
[Black "Andre, Sebastien"]
[Result "1-0"]
[WhiteElo "1358"]
[BlackElo "1610"]
[WhiteFideId "551061279"]
[BlackFideId "26016982"]
[EventDate "2020.05.16"]

1. d4 Nf6 2. Nf3 g6 3. c4 Bg7 4. Nc3 d5 5. Bg5 c6 6. e3 O-O 7. Be2 Bg4 8. O-O
Nbd7 9. c5 e5 10. Nxe5 Bxe2 11. Qxe2 Qc7 12. Bf4 Rae8 13. Nxf7 Qc8 14. Nd6 Qd8
15. Nxe8 Qxe8 16. Bd6 Rf7 17. Qc2 b6 18. b4 Bf8 19. Bg3 Qe6 20. Ne2 g5 21. h3
Kg7 22. Bh2 Ne4 23. Ng3 Nef6 24. Nf5+ Kg8 25. Nd6 Bxd6 26. Bxd6 Ne4 27. Bh2 g4
28. hxg4 Rg7 29. f3 Ng5 30. Qf2 Nf6 31. Be5 Kf7 32. Qh4 Kg6 33. Bxf6 Kxf6 34. f4
Qxe3+ 35. Kh1 Kf7 36. fxg5+ Kg8 37. g6 hxg6 38. Qd8+ Kh7 39. Rf3 1-0

[Event "ch-FRA Blitz Online Qual"]
[Site "Europe-Chess INT"]
[Date "2020.05.16"]
[Round "13"]
[White "Kuhn, Mathilde"]
[Black "Moeller, Joshua"]
[Result "0-1"]
[WhiteElo "1764"]
[BlackElo "1469"]
[WhiteFideId "36099783"]
[BlackFideId "45167834"]
[EventDate "2020.05.16"]

1. e4 e6 2. d4 d5 3. Nc3 Nf6 4. e5 Nfd7 5. f4 c5 6. Nf3 cxd4 7. Nxd4 Bc5 8. Be3
Qb6 9. Na4 Qa5+ 10. c3 Be7 11. b4 Qc7 12. Nb5 Qc6 13. Nd4 Qc7 14. Qg4 O-O 15.
Bd3 a6 16. Rc1 b5 17. Nb2 Re8 18. O-O Nf8 19. f5 Qxe5 20. Rce1 exf5 21. Bxf5
Bxf5 22. Rxf5 Qc7 23. Bh6 Ng6 24. Bg5 Nd7 25. Bxe7 Rxe7 26. Rxe7 Nxe7 27. Rf1
Nf6 28. Qf3 Ng6 29. a4 Ne5 30. Qf4 Qxc3 31. Qxe5 Qxb2 32. axb5 axb5 33. Rxf6
gxf6 34. Qxd5 Ra1# 0-1

[Event "ch-FRA Blitz Online Qual"]
[Site "Europe-Chess INT"]
[Date "2020.05.16"]
[Round "13"]
[White "Chevillon, Manon"]
[Black "Ciarletta, Ulysse"]
[Result "0-1"]
[WhiteElo "1356"]
[BlackElo "1599"]
[WhiteFideId "45135690"]
[BlackFideId "45133000"]
[EventDate "2020.05.16"]

1. e4 c5 2. Nf3 Nc6 3. d4 cxd4 4. Nxd4 Nf6 5. Nc3 e5 6. Nf3 Bb4 7. Bd3 d5 8.
exd5 Nxd5 9. Bd2 Nxc3 10. bxc3 Be7 11. O-O Be6 12. Re1 f6 13. Qb1 Qc7 14. a3 O-O
15. Nh4 f5 16. g3 e4 17. Be2 Bf6 18. Ng2 Ne5 19. Bf4 b6 20. Ne3 Qxc3 21. Qb5 g5
22. Bxe5 Qxe5 23. Qxe5 Bxe5 24. Rad1 Rfd8 25. Rxd8+ Rxd8 26. Rd1 Rxd1+ 27. Bxd1
f4 28. gxf4 gxf4 29. Ng2 Kf7 30. f3 e3 31. Be2 Kf6 32. Ne1 Bb2 33. Nd3 Bxa3 34.
Nxf4 Bf5 35. Nd5+ Ke5 36. Nxe3 Bc5 37. Kf2 Kf4 38. Bd3 Bxe3+ 39. Ke2 Bxd3+ 40.
Kxd3 Bg1 41. h3 Kxf3 42. c4 Kg3 43. c5 Bxc5 44. Kc4 Kxh3 45. Kb5 a5 46. Ka6 a4
47. Kb5 a3 48. Kc6 a2 49. Kb5 a1=Q 50. Kc6 Qe5 51. Kb5 Bg1+ 52. Kc6 Qc5+ 53. Kb7
b5 54. Ka6 Qb6# 0-1

[Event "ch-FRA Blitz Online Qual"]
[Site "Europe-Chess INT"]
[Date "2020.05.16"]
[Round "13"]
[White "Thobie, Pascal"]
[Black "Gouait, Raymond"]
[Result "1/2-1/2"]
[WhiteElo "1216"]
[BlackElo "1566"]
[WhiteFideId "651001187"]
[BlackFideId "20621604"]
[EventDate "2020.05.16"]

1. Nf3 Nf6 2. c4 c5 3. Nc3 Nc6 4. e3 g6 5. d4 d6 6. d5 Nb8 7. Be2 Bg7 8. O-O O-O
9. Qc2 Bf5 10. Qd2 Nbd7 11. b3 a6 12. Bb2 Ne4 13. Nxe4 Bxb2 14. Qxb2 Bxe4 15. h3
Nf6 16. a4 Bf5 17. Qd2 Ne4 18. Qc1 Qd7 19. Nd2 Nxd2 20. Qxd2 h5 21. Bd3 Kg7 22.
Bxf5 Qxf5 23. Rfd1 Qe5 24. Rab1 a5 25. f3 b6 26. e4 f5 27. exf5 Rxf5 28. Re1 Qf6
29. Re6 Qf7 30. Rbe1 Re8 31. Qc3+ Kh7 32. Qe3 Rf4 33. Rxe7 Rxe7 34. Qxe7 Kg7 35.
Qxf7+ Rxf7 36. Re6 Rf6 37. Re7+ Kf8 38. Re2 Kf7 39. Kf2 g5 40. g3 Rf5 41. Re6
Rf6 42. Rxf6+ Kxf6 43. Ke3 Kf5 44. f4 g4 45. h4 Kg6 46. Ke4 Kf6 47. f5 Ke7 48.
Kf4 Kf6 49. Ke4 Ke7 50. f6+ Kxf6 51. Kf4 Kg6 52. Ke4 Kf6 53. Kf4 Kg6 54. Ke4 Kf6 1/2-1/2

[Event "ch-FRA Blitz Online Qual"]
[Site "Europe-Chess INT"]
[Date "2020.05.16"]
[Round "13"]
[White "Bonelli Maestracci, Pierre Joseph"]
[Black "Krajewski, Thomas"]
[Result "1-0"]
[WhiteElo "1545"]
[BlackElo "1273"]
[WhiteFideId "45172870"]
[BlackFideId "45103429"]
[EventDate "2020.05.16"]

1. e4 d5 2. exd5 Qxd5 3. Nc3 Qd8 4. d4 Nf6 5. Nf3 Bg4 6. Be2 e6 7. Be3 Be7 8. h3
Bxf3 9. Bxf3 c6 10. Ne4 Nbd7 11. Nxf6+ Nxf6 12. c3 Nd5 13. Qb3 Nxe3 14. fxe3 Qb6
15. Qxb6 axb6 16. a3 O-O 17. O-O Bg5 18. Rfe1 Rfe8 19. g3 e5 20. Kf2 exd4 21.
exd4 Re6 22. Rxe6 fxe6 23. Bg4 Rf8+ 24. Kg2 Kf7 25. Rf1+ Ke7 26. Rxf8 Kxf8 27.
Bxe6 Bc1 28. b3 Bxa3 29. c4 b5 30. d5 bxc4 31. bxc4 c5 32. Kf3 Ke7 33. Ke4 b6
34. Kd3 Bb2 35. Kc2 Ba3 36. Kb3 Bb4 37. Ka4 Ba5 38. Kb5 g6 39. g4 h6 40. Kc6 g5
41. Bf5 Kf6 42. Kd7 Ke5 43. Kc6 Kd4 44. Kb5 Kc3 45. d6 Kd4 46. d7 Ke5 47. d8=Q 1-0

[Event "ch-FRA Blitz Online Qual"]
[Site "Europe-Chess INT"]
[Date "2020.05.16"]
[Round "13"]
[White "Falip Morales, Tom"]
[Black "Daude, Alexandre"]
[Result "1-0"]
[WhiteElo "1344"]
[BlackElo "1518"]
[WhiteFideId "45181764"]
[BlackFideId "45102660"]
[EventDate "2020.05.16"]

1. d4 e6 2. c3 d5 3. e3 c5 4. Bd3 Nc6 5. Nd2 Bd7 6. f4 Nf6 7. Ngf3 Be7 8. O-O
O-O 9. Ne5 Nxe5 10. fxe5 Ne8 11. Qh5 h6 12. e4 f6 13. exd5 exd5 14. Nf3 fxe5 15.
Nxe5 Rxf1+ 16. Kxf1 Nf6 17. Qf7+ Kh8 18. Ng6+ Kh7 19. Nxe7+ Ne4 20. Qg6+ Kh8 21.
Bxe4 dxe4 22. Qxe4 Qf8+ 23. Kg1 Re8 24. Ng6+ Kg8 25. Nxf8 Rxe4 26. Nxd7 cxd4 27.
cxd4 Rxd4 28. Ne5 Rd5 29. Bf4 g5 30. Bg3 h5 31. Ng6 Kf7 32. Ne5+ Ke6 33. Re1 Kf5
34. Nf3 h4 35. Re5+ Rxe5 36. Bxe5 g4 37. Nxh4+ Kxe5 38. h3 Kf4 39. Kf2 g3+ 40.
Ke2 Kg5 41. Nf3+ Kf4 42. h4 Kg4 43. Kd3 b5 44. Kc3 a5 45. b4 a4 46. Kd4 Kf4 47.
Kc5 Ke3 48. h5 Kf2 49. Nh4 Ke3 50. h6 Kf4 51. h7 Kg4 52. h8=Q a3 53. Qe5 Kxh4
54. Qg7 Kh5 55. Kd5 Kh4 56. Ke5 Kh5 57. Kf5 1-0

[Event "ch-FRA Blitz Online Qual"]
[Site "Europe-Chess INT"]
[Date "2020.05.16"]
[Round "13"]
[White "Gimenez, Adrien"]
[Black "Hetier, Thomas"]
[Result "0-1"]
[WhiteElo "1591"]
[BlackElo "1598"]
[WhiteFideId "36069094"]
[BlackFideId "45146586"]
[EventDate "2020.05.16"]

1. e4 c5 2. Nc3 e6 3. g3 Nc6 4. Bg2 Nf6 5. Nge2 Be7 6. d3 O-O 7. h3 h6 8. Be3 d5
9. exd5 exd5 10. d4 cxd4 11. Nxd4 Be6 12. O-O Rc8 13. a3 Qd7 14. Nxe6 fxe6 15.
Re1 e5 16. Nxd5 Nxd5 17. Bxd5+ Kh8 18. c4 Qxh3 19. Bg2 Qf5 20. Qe2 a6 21. Rad1
Rfd8 22. Bb6 Rf8 23. Be4 Qf6 24. Rd7 Nd4 25. Bxd4 exd4 26. Bxb7 Rce8 27. Bd5 d3
28. Qd2 Bc5 29. Rxe8 Rxe8 30. Rf7 Qg6 31. Kg2 Re2 32. Qa5 d2 33. Qd8+ Kh7 34.
Bf3 Rxf2+ 35. Kh3 Qe6+ 36. Kh4 Rh2# 0-1

[Event "ch-FRA Blitz Online Qual"]
[Site "Europe-Chess INT"]
[Date "2020.05.16"]
[Round "13"]
[White "Gandreuil, Brice"]
[Black "Abiven, Pierre-Louis"]
[Result "1-0"]
[WhiteElo "1500"]
[BlackElo "1200"]
[WhiteFideId "36078425"]
[BlackFideId "45168016"]
[EventDate "2020.05.16"]

1. e4 e5 2. Nf3 Nc6 3. Bc4 Bc5 4. O-O Nf6 5. d4 exd4 6. e5 Ne4 7. Re1 Na5 8.
Bxf7+ Kxf7 9. Rxe4 Rf8 10. Nxd4 Bxd4 11. Qxd4 Kg8 12. Qd5+ Rf7 13. Rf4 Qe7 14.
Rxf7 Qxf7 15. Qxa5 b6 16. Qc3 Bb7 17. Qxc7 Qd5 18. f3 Qd1+ 19. Kf2 Qxc1 20. Qxb7
Qxc2+ 21. Kg3 Rf8 22. Qd5+ Kh8 23. Qd2 Qxd2 24. Nxd2 Rc8 25. Nb3 g6 26. Rc1 Rxc1
27. Nxc1 Kg7 28. Nd3 Kf7 29. f4 Ke6 30. Kf3 h6 31. g3 h5 32. b3 a6 33. a3 a5 34.
b4 d6 35. bxa5 bxa5 36. a4 dxe5 37. Nxe5 Kf5 38. h3 g5 39. g4+ hxg4+ 40. hxg4+
Kf6 41. Nd7+ Ke6 42. Nc5+ Kd5 43. Nb7 gxf4 44. Nxa5 Ke5 45. Nc4+ Kd4 46. Nd6 Ke5
47. Nf7+ Kf6 48. Nh6 Kg5 49. Nf5 Kf6 50. a5 Ke6 51. a6 Kd7 52. a7 Kc7 53. a8=Q
Kd7 54. Qa3 Ke6 55. Qb4 Kf6 56. Qc4 Kg6 57. Qd4 Kh7 58. Qe4 Kh8 59. Qxf4 Kg8 60.
g5 Kh8 61. Nh6 Kg7 62. Qf7+ Kh8 63. Qg8# 1-0

[Event "ch-FRA Blitz Online Qual"]
[Site "Europe-Chess INT"]
[Date "2020.05.16"]
[Round "13"]
[White "Nguyen, Theo"]
[Black "Hsu, Victor"]
[Result "1/2-1/2"]
[WhiteElo "1309"]
[BlackElo "1476"]
[WhiteFideId "551068591"]
[BlackFideId "551034107"]
[EventDate "2020.05.16"]

1. d4 Nf6 2. Nf3 d5 3. g3 Bf5 4. Bg2 e6 5. O-O c5 6. e3 Nc6 7. b3 Qc7 8. Bb2
cxd4 9. Nxd4 Nxd4 10. exd4 Bd6 11. Nc3 h5 12. h4 Ng4 13. a4 Bxg3 14. fxg3 Qxg3
15. Rf3 Qh2+ 16. Kf1 Be4 17. Nxe4 dxe4 18. Rh3 Qf4+ 19. Kg1 Nf2 20. Qf1 Nxh3+
21. Bxh3 Qg3+ 22. Qg2 Qxg2+ 23. Bxg2 Rh6 24. Bxe4 Rc8 25. Rf1 f5 26. Bxb7 Rxc2
27. Ba3 Rg6+ 28. Kh1 Rd2 29. Bc5 Rg3 30. Bxa7 Rh3+ 31. Kg1 Rg3+ 32. Kh1 Rh3+ 33.
Kg1 Rg3+ 34. Kh1 1/2-1/2

[Event "ch-FRA Blitz Online Qual"]
[Site "Europe-Chess INT"]
[Date "2020.05.16"]
[Round "13"]
[White "Moindjie, Nassuf"]
[Black "Negre, Maxime"]
[Result "1-0"]
[WhiteElo "1471"]
[BlackElo "1105"]
[WhiteFideId "551098237"]
[BlackFideId "45187231"]
[EventDate "2020.05.16"]

1. e4 e5 2. Nf3 Nc6 3. Bc4 Bc5 4. b4 Bxb4 5. c3 Bc5 6. d4 exd4 7. O-O Nf6 8.
cxd4 Bb4 9. e5 d5 10. exf6 dxc4 11. d5 Na5 12. Qa4+ c6 13. Qxb4 cxd5 14. fxg7
Rg8 15. Re1+ Be6 16. Bg5 Qc7 17. Nc3 Rxg7 18. Nxd5 Qc6 19. Qe7# 1-0

[Event "ch-FRA Blitz Online Qual"]
[Site "Europe-Chess INT"]
[Date "2020.05.16"]
[Round "13"]
[White "Guillou, Paul"]
[Black "Kollar, Guillaume"]
[Result "1-0"]
[WhiteElo "1157"]
[BlackElo "1439"]
[WhiteFideId "551031140"]
[BlackFideId "36001732"]
[EventDate "2020.05.16"]

1. d4 c5 2. c4 cxd4 3. Qxd4 Nc6 4. Qd1 Nf6 5. Nf3 g6 6. Nc3 Bg7 7. e4 O-O 8. Bd3
d6 9. Bd2 Qb6 10. Rb1 Bg4 11. O-O Ne5 12. Be2 Rac8 13. Be3 Qd8 14. b3 b6 15.
Nxe5 Bxe2 16. Qxe2 dxe5 17. Rfd1 Qe8 18. f3 Qc6 19. Nb5 Qb7 20. Nc3 Rfd8 21.
Rxd8+ Rxd8 22. Rd1 Qc7 23. Nb5 Rxd1+ 24. Qxd1 Qb7 25. Qd8+ Bf8 26. Bh6 1-0

[Event "ch-FRA Blitz Online Qual"]
[Site "Europe-Chess INT"]
[Date "2020.05.16"]
[Round "13"]
[White "Villevieille, Theo"]
[Black "Ghazaryan, Gor"]
[Result "1-0"]
[WhiteElo "1109"]
[BlackElo "1431"]
[WhiteFideId "45177970"]
[BlackFideId "45137595"]
[EventDate "2020.05.16"]

1. d4 Nf6 2. c4 e6 3. Nc3 b6 4. Nf3 Bb7 5. e3 c5 6. Be2 Nc6 7. O-O d5 8. cxd5
Nxd5 9. Bb5 Rc8 10. Ne5 Bd6 11. Nxc6 Bxc6 12. Bxc6+ Rxc6 13. Bd2 cxd4 14. exd4
Nxc3 15. bxc3 O-O 16. Qg4 Bb8 17. Bh6 Qf6 18. Bg5 Qg6 19. f3 f5 20. Qh4 f4 21.
Be7 Rf7 22. Bb4 a5 23. Qd8+ Rf8 24. Qxf8# 1-0

[Event "ch-FRA Blitz Online Qual"]
[Site "Europe-Chess INT"]
[Date "2020.05.16"]
[Round "13"]
[White "Fronius, Lino"]
[Black "Roussel, Matthieu"]
[Result "0-1"]
[WhiteElo "1313"]
[BlackElo "1577"]
[WhiteFideId "36050083"]
[BlackFideId "36070009"]
[EventDate "2020.05.16"]

1. e4 e5 2. Nf3 Nc6 3. Bc4 Nf6 4. d3 Be7 5. Nc3 d6 6. Bg5 O-O 7. Qd2 h6 8. Bh4
Na5 9. Bb3 Nxb3 10. axb3 a6 11. Bxf6 Bxf6 12. Nd5 c6 13. Ne3 Be6 14. O-O d5 15.
exd5 cxd5 16. Qb4 Qd7 17. Rad1 Rfe8 18. d4 e4 19. Ne5 Bxe5 20. dxe5 Qc7 21. Nxd5
Qxe5 22. Nc3 Rab8 23. Qxe4 Qxe4 24. Nxe4 Bg4 25. f3 Bf5 26. Nc3 Bxc2 27. Rd7
Bxb3 28. Rc1 b5 29. Ne4 Rbc8 30. Ra1 Rc6 31. Ra7 Ree6 32. Ra8+ Kh7 33. h3 Bd5
34. Ng3 Rg6 35. Ne4 Bxe4 36. fxe4 Rc2 37. R8xa6 Rgxg2+ 38. Kf1 Rxb2 39. Ra7 Rh2
40. Kg1 Rbg2+ 41. Kf1 Rf2+ 42. Kg1 Rhg2+ 43. Kh1 Rg3 44. Rb7 Rxh3+ 45. Kg1 Rfh2
46. Raa7 Rb2 47. Rxf7 Rg3+ 48. Kf1 Rg4 49. Rae7 Kg8 50. Rb7 Rg6 0-1

[Event "ch-FRA Blitz Online Qual"]
[Site "Europe-Chess INT"]
[Date "2020.05.16"]
[Round "13"]
[White "Stajkovski, Stefan"]
[Black "Brunet-Moret, Leopold"]
[Result "1-0"]
[WhiteElo "1428"]
[BlackElo "1109"]
[WhiteFideId "551053250"]
[BlackFideId "551078201"]
[EventDate "2020.05.16"]

1. e4 c5 2. Nf3 Nc6 3. c3 e5 4. d4 cxd4 5. cxd4 exd4 6. Nxd4 Bc5 7. Be3 Nf6 8.
Nxc6 bxc6 9. Bxc5 Qa5+ 10. b4 Qb5 11. Bxb5 cxb5 12. Qd6 Kd8 1-0

[Event "ch-FRA Blitz Online Qual"]
[Site "Europe-Chess INT"]
[Date "2020.05.16"]
[Round "13"]
[White "Frey, Thierry"]
[Black "Rigaud-Retourne, Mael"]
[Result "1-0"]
[WhiteElo "1792"]
[BlackElo "1103"]
[WhiteFideId "1317709"]
[BlackFideId "45167478"]
[EventDate "2020.05.16"]

1. e4 e5 2. Nf3 Nc6 3. Bb5 Bc5 4. O-O d6 5. d3 Nf6 6. c3 Kf8 7. Nbd2 g6 8. h3
Kg7 9. Re1 Rf8 10. Nf1 Be6 11. d4 exd4 12. cxd4 Bb4 13. Bd2 Bxd2 14. Qxd2 Kg8
15. d5 Ne5 16. dxe6 Nxf3+ 17. gxf3 fxe6 18. Ng3 Nd7 19. Be2 Qh4 20. Kg2 Ne5 21.
Rac1 Rf7 22. f4 Raf8 23. f5 exf5 24. exf5 Rxf5 25. Nxf5 Rxf5 26. Qe3 Rg5+ 27.
Kh2 Rf5 28. Rf1 Rg5 29. Rxc7 b6 30. f4 Rh5 31. fxe5 Rh6 32. Qg3 Qe4 33. Qf3 Qh4
34. Qf8# 1-0